Worlds Fastest cars 1-10 #1 - Statistics

General Stats
  • This quiz has been taken 57 times
  • The average score is 5 of 10
Answer Stats
Year(s) of Service Price Top Speed Rank Manufacturer Car % Correct
2010 4m 268 MPH 2 Bugatti Veyron SS
93%
2014 2.5m 267 MPH 5 Koenigsegg Agera One:1
73%
2011 2.6m 261 MPH 6 Koenigsegg Agera R
73%
2007 500k 255 MPH 10 Hennessey Venom 1000 TT
68%
2010 510k 257 MPH 7 Porsche 911 GT2 1200
52%
2006 1.31m 256 MPH 9 SSC ultimate aero TT
43%
2009 1m 267 MPH 3 SSC Ultimate Aero TT Roadster
43%
2009 1.57m 256 MPH 8 Porsche GT9-R
9%
2008 1.5m 270MPH 1 Vector Avtech WX8
5%
2011 1.5m 267 MPH 4 SSC Tautara
5%
No matching quizzes found
Score Distribution
Percent of People with Each Score
Percentile by Number Answered
Your Score History
You have not taken this quiz